Т. 31 : Украинская ССР. Западные области. Период 1966-1970. Вып. 1 : Опубликованные работы; Геологическая изученность СССР

Bibliografiske detaljer
Parent link:Геологическая изученность СССР: [обзорные главы, рефераты, аннотации и библиографические справки]/ Академия Наук СССР, Комиссия по геологической изученности СССР. Т. 31 : Украинская ССР. Западные области. Период 1966-1970. Вып. 1 : Опубликованные работы.— , 1961-1988
Institution som forfatter: Академия наук Украинской ССР (АН УССР) Институт геологии и геохимии горючих ископаемых
Andre forfattere: Тихомиров В. В. Владимир Владимирович
Sprog:russisk
Udgivet: Киев, Наукова думка, 1985
Fag:
Format: Bog
KOHA link:https://koha.lib.tpu.ru/cgi-bin/koha/opac-detail.pl?biblionumber=287275

MARC

LEADER 00000nam2a2200000 4500
001 287275
005 20231101235955.0
035 |a (RuTPU)RU\TPU\book\311653 
035 |a RU\TPU\book\305214 
090 |a 287275 
100 |a 20150313d1985 k y0rusy50 ca 
101 0 |a rus 
102 |a UA 
105 |a y ad 001zy 
200 0 |a Т. 31 : Украинская ССР. Западные области. Период 1966-1970. Вып. 1 : Опубликованные работы  |f Академия наук Украинской ССР (АН УССР), Институт геологии и геохимии горючих ископаемых ; гл. ред. В. В. Тихомиров 
210 |a Киев  |c Наукова думка  |d 1985 
215 |a 450 с. 
320 |a Авторский указатель: с. 412-422 
320 |a Предметно-систематический указатель: с. 422-424 
320 |a Географический указатель: с. 424-444 
320 |a Указатель минералов, полезных ископаемых и месторождений: с. 445-449 
461 1 |0 (RuTPU)RU\TPU\book\58444  |t Геологическая изученность СССР  |o [обзорные главы, рефераты, аннотации и библиографические справки]  |f Академия Наук СССР, Комиссия по геологической изученности СССР  |v Т. 31 : Украинская ССР. Западные области. Период 1966-1970. Вып. 1 : Опубликованные работы  |d 1961-1988 
606 1 |a Геологическая изученность  |y СССР  |2 stltpush  |3 (RuTPU)RU\TPU\subj\6035  |9 34000 
606 1 |a Геология  |y Украина  |2 stltpush  |3 (RuTPU)RU\TPU\subj\74849  |9 86818 
610 1 |a СССР 
610 1 |a Украинская ССР 
610 1 |a геологическое районирование 
610 1 |a геологические исследования 
610 1 |a опубликованные источники 
610 1 |a рефераты 
610 1 |a аннотации 
610 1 |a библиографические пособия 
675 |a 55(47+57)  |v 3 
675 |a 55(477)  |v 3 
702 1 |a Тихомиров  |b В. В.  |g Владимир Владимирович  |4 651 
712 0 2 |a Академия наук Украинской ССР (АН УССР)  |b Институт геологии и геохимии горючих ископаемых  |2 stltpush  |3 (RuTPU)RU\TPU\col\11474 
801 1 |a RU  |b 63413507  |c 20120208 
801 2 |a RU  |b 63413507  |c 20230202  |g RCR 
942 |c BK